[Event "Open Ricany 2011"]
[Site "http://www.openricany.cz"]
[Date "2011.08.21"]
[Round "3.51"]
[White "Maly, Dusan"]
[Black "Franek, Jan"]
[Result "0-1"]
[WhiteElo "1809"]
[BlackElo "1891"]

1. e4 e5 2. Nf3 Nc6 3. Bb5 f5 4. Qe2 fxe4 5. Bxc6 dxc6 6. Qxe4 Bd6 7. d3 Nf6
8. Qc4 Qe7 9. Bg5 Be6 10. Qh4 O-O-O 11. Nc3 h6 12. Be3 a6 13. Nd2 g5 14. Qa4 Nd5
15. Nce4 Nxe3 16. fxe3 Bc5 17. O-O-O Bxe3 18. Rde1 Bb6 19. Ng3 Rd4 20. Nc4 Bxc4
21. dxc4 Qf7 22. Rhf1 Rf4 23. Qb3 Bf2 24. Qd3 Bxe1 25. Rxe1 Rxc4 26. Nf5 Rd8
27. Qh3 Kb8 28. Qb3 Qd7 0-1

[Event "Open Ricany 2011"]
[Site "http://www.openricany.cz"]
[Date "2011.08.21"]
[Round "3.55"]
[White "Luzikova, Nicola"]
[Black "Plicka, Petr"]
[Result "0-1"]
[WhiteElo "1798"]
[BlackElo "1864"]

1. d4 Nf6 2. c4 e6 3. Nc3 d5 4. Nf3 Be7 5. Bf4 Nh5 6. Bd2 b6 7. e3 Nf6 8. Bd3
O-O 9. O-O Bb7 10. Qe2 Nbd7 11. Rac1 Rc8 12. a3 c5 13. Rfd1 Bd6 14. h3 Qe7
15. e4 dxe4 16. Nxe4 Nxe4 17. Bxe4 Nf6 18. Bxb7 Qxb7 19. Be3 Qe4 20. Qc2 Qxc2
21. Rxc2 cxd4 22. Nxd4 Rfd8 23. Rcc1 h6 24. Kf1 Kf8 25. Ke2 Ke8 26. b4 Be7
27. f3 Rd7 28. Bf4 a5 29. bxa5 Bxa3 30. Rc2 bxa5 31. Nb5 Rxd1 32. Kxd1 Bb4
33. Nd6+ Bxd6 34. Bxd6 Rd8 35. Rd2 Rc8 36. Rc2 Kd7 37. Be5 Ne8 38. c5 Kc6
39. Bd4 Rd8 40. Rd2 f6 41. f4 Nc7 42. Kc2 Nb5 43. Be3 Rxd2+ 44. Kxd2 a4 45. Kc2
e5 46. fxe5 fxe5 47. h4 Nd4+ 0-1

[Event "Open Ricany 2011"]
[Site "http://www.openricany.cz"]
[Date "2011.08.21"]
[Round "3.8"]
[White "Kouhout, Vratislav"]
[Black "Rihova, Kamila"]
[Result "1-0"]
[WhiteElo "2153"]
[BlackElo "1631"]

1. d4 d5 2. Nf3 Bf5 3. c4 c6 4. Nc3 Nf6 5. cxd5 Nxd5 6. g3 e6 7. Bg2 Bb4 8. Bd2
Qa5 9. Qb3 Bxc3 10. bxc3 Qb6 11. Qa3 Nd7 12. O-O c5 13. Nh4 Bg4 14. Rab1 Qc7
15. c4 N5b6 16. Bf4 e5 17. dxe5 Nxe5 18. Qc3 f6 19. h3 Be6 20. Nf3 Nxf3+
21. Bxf3 Qf7 22. Bd6 Rc8 23. Rfd1 Bxc4 24. Qa5 Bxa2 25. Rb2 Nc4 26. Qa4+ Qd7
27. Qxd7+ Kxd7 28. Bf4+ Ke7 29. Rxa2 a5 30. Bxb7 Rcd8 31. Rc1 g5 32. Rxc4 gxf4
33. Rxa5 fxg3 34. fxg3 Rhg8 35. Kf2 1-0

[Event "Open Ricany 2011"]
[Site "http://www.openricany.cz"]
[Date "2011.08.21"]
[Round "3.1"]
[White "Moravec, Vit"]
[Black "Vesselovsky, Serguei"]
[Result "1/2-1/2"]
[WhiteElo "2148"]
[BlackElo "2379"]

1. e4 c5 2. Nf3 g6 3. d4 Bg7 4. Nc3 cxd4 5. Nxd4 Nc6 6. Be3 Nf6 7. Bc4 d6 8. h3
O-O 9. O-O Na5 10. Bb3 b6 11. Qd3 Bb7 12. Nd5 Nxb3 13. Nxf6+ Bxf6 14. axb3 d5
15. e5 Bxe5 16. Bh6 Re8 17. f4 Bh8 18. f5 e5 19. fxe6 fxe6 20. Rf2 Qh4 21. Be3
Qe7 22. Raf1 Rf8 23. Bg5 Qd7 24. Bf6 Rxf6 25. Rxf6 Bxf6 26. Rxf6 Re8 27. Qg3 Qg7
1/2-1/2

[Event "Open Ricany 2011"]
[Site "http://www.openricany.cz"]
[Date "2011.08.21"]
[Round "3.13"]
[White "Vojta, Pavel"]
[Black "Popelka, Pavel"]
[Result "1-0"]
[WhiteElo "2175"]
[BlackElo "1984"]

1. d4 d5 2. Nf3 Nf6 3. c4 c6 4. Nc3 Bf5 5. e3 e6 6. Be2 Be7 7. O-O O-O 8. a3
Nbd7 9. b4 dxc4 10. Bxc4 Nb6 11. Bd3 Bxd3 12. Qxd3 Nfd5 13. e4 Nxc3 14. Qxc3 Bf6
15. Bf4 g6 16. Rad1 Qe7 17. Rfe1 Rfe8 18. Qb3 Qf8 19. a4 Rac8 20. a5 Nd7 21. e5
Be7 22. Rb1 a6 23. Nd2 h6 24. Ne4 Kh7 25. Bd2 f5 26. Qxe6 fxe4 27. Qxd7 Rcd8
28. Qxb7 Rxd4 29. Be3 Rc4 30. Qxa6 Rc2 31. Rec1 Ra8 32. Qb6 Rb8 33. Rxc2 Rxb6
34. axb6 Bg5 35. Rxc6 Bxe3 36. Rc7+ Kg8 37. fxe3 Qb8 38. Rbc1 1-0

[Event "Open Ricany 2011"]
[Site "http://www.openricany.cz"]
[Date "2011.08.21"]
[Round "3.54"]
[White "Suchy, Ladislav"]
[Black "Bocek, Lukas"]
[Result "1/2-1/2"]
[WhiteElo "1870"]
[BlackElo "1702"]

1. Nc3 e5 2. Nf3 Nc6 3. d4 exd4 4. Nxd4 Nxd4 5. Qxd4 Nf6 6. e4 b6 7. e5 Bc5
8. Qh4 Qe7 9. Bf4 d6 10. O-O-O dxe5 11. Bxe5 O-O 12. f4 Bb7 13. Bd3 h6 14. Rhe1
Nd5 15. Qg3 f6 16. Bd4 Qd6 17. Bxc5 bxc5 18. Nxd5 Bxd5 19. Qg6 Qxf4+ 20. Kb1 f5
21. Rf1 Qg4 22. Bxf5 Qxg6 23. Bxg6 Rxf1 24. Rxf1 Bxg2 25. Rf7 Rc8 26. Kc1 Bd5
27. Re7 Kf8 28. Rd7 Be6 29. Rd3 Ke7 30. Ra3 Rf8 31. Rxa7 Kd6 32. Be4 Rf1+
33. Kd2 Rf2+ 34. Kd3 Rxh2 35. Ra6+ Kd7 36. Rc6 Rh3+ 37. Kd2 Rh4 38. Bf3 g5
39. Rxc5 g4 40. Bb7 Rh2+ 41. Ke1 g3 42. Rc3 g2 43. Rg3 c6 44. Kf2 Bd5 45. Ba6 h5
46. Bd3 Rh1 47. c4 Bf3 48. b4 h4 49. Rg7+ Kc8 50. b5 h3 51. bxc6 Bxc6 52. a4 h2
53. Rxg2 Bxg2 54. Kxg2 Rd1 55. Bf5+ Kc7 56. Kxh2 1/2-1/2

[Event "Open Ricany 2011"]
[Site "http://www.openricany.cz"]
[Date "2011.08.21"]
[Round "3.46"]
[White "Havelka, Petr"]
[Black "Pychova, Nela"]
[Result "1/2-1/2"]
[WhiteElo "1915"]
[BlackElo "1640"]

1. d4 c5 2. e3 cxd4 3. exd4 d5 4. Nf3 Bg4 5. Be2 Nf6 6. c3 e6 7. Qb3 Qc7
8. Bb5+ Nc6 9. Ne5 Bd6 10. Nxg4 Nxg4 11. h3 Nf6 12. O-O O-O 13. Nd2 a6 14. Bd3
b5 15. Nf3 b4 16. Bd2 Rfb8 17. Qc2 bxc3 18. bxc3 Bf4 19. Rfb1 Bxd2 20. Nxd2 h6
21. Rxb8+ Rxb8 22. Nb3 Nd7 23. Rc1 Qa7 1/2-1/2

[Event "Open Ricany 2011"]
[Site "http://www.openricany.cz"]
[Date "2011.08.21"]
[Round "3.42"]
[White "Jonas, Vaclav"]
[Black "Soltys, Roman"]
[Result "1/2-1/2"]
[WhiteElo "1963"]
[BlackElo "1825"]

1. e4 e6 2. d4 d5 3. Nc3 c5 4. exd5 exd5 5. dxc5 Nf6 6. Be3 Nc6 7. Nf3 Qa5
8. a3 Bg4 9. Be2 Rd8 10. b4 Qc7 11. Nb5 Qb8 12. Nfd4 Bd7 13. Qd2 Ne4 14. Qc1
Nxd4 15. Bxd4 a6 16. Nc3 Nxc3 17. Bxc3 Qc7 18. O-O Be6 19. Qb2 Rg8 20. Rae1 g6
21. Bg4 Kd7 22. Be5 Qc6 23. Be2 Kc8 24. Bd4 Bd7 25. a4 Qc7 26. Ra1 Re8 27. Bd3
Bf5 28. c6 Bxd3 29. cxb7+ Kxb7 30. cxd3 Bh6 31. b5 a5 32. b6 Qc6 33. f4 Rc8
34. Qd2 Bg7 35. Bxg7 Rxg7 36. d4 Qc3 37. Qxc3 Rxc3 38. Rab1 f5 39. Rfe1 1/2-1/2

[Event "Open Ricany 2011"]
[Site "http://www.openricany.cz"]
[Date "2011.08.21"]
[Round "3.23"]
[White "Holub, Milan"]
[Black "Lexa, Vaclav"]
[Result "1-0"]
[WhiteElo "2061"]
[BlackElo "1917"]

1. d4 Nf6 2. Bf4 d5 3. e3 e6 4. Nd2 Bd6 5. Bg3 Nbd7 6. Ngf3 Bxg3 7. hxg3 Qe7
8. c3 e5 9. dxe5 Nxe5 10. Nxe5 Qxe5 11. Nf3 Qe7 12. Qa4+ c6 13. Bd3 h6 14. Qf4
Be6 15. Nd4 O-O-O 16. Nf5 Bxf5 17. Bxf5+ Nd7 18. Qd4 g6 19. Bxd7+ Qxd7 20. Qxa7
h5 21. Rh4 Rhe8 22. Rb4 Qc7 23. O-O-O Re6 24. Qa8+ Qb8 25. Qa5 Qc7 26. Qa8+ Qb8
27. Qa5 Qc7 28. Qc5 Re5 29. Ra4 Kb8 30. Qa3 Qd6 31. Ra8+ Kc7 32. Qa5+ 1-0

[Event "Open Ricany 2011"]
[Site "http://www.openricany.cz"]
[Date "2011.08.21"]
[Round "3.49"]
[White "Tvrdy, Jindrich"]
[Black "Hanl, Frantisek"]
[Result "1/2-1/2"]
[WhiteElo "1920"]
[BlackElo "1849"]

1. e4 e6 2. d3 c5 3. g3 d5 4. Nd2 Nf6 5. c4 Nfd7 6. f4 Nc6 7. a3 b5 8. Bg2 Qb6
9. Ngf3 a5 10. a4 b4 11. e5 d4 12. O-O Bb7 13. b3 Be7 14. Ne4 O-O-O 15. Nfg5
Rdf8 16. f5 Ncxe5 17. fxe6 fxe6 18. Rxf8+ Nxf8 19. Bf4 Nfd7 20. Bh3 Bxg5
21. Nxg5 Qc6 22. Ne4 h6 23. Qe2 g5 24. Bxe5 Nxe5 25. Re1 Kc7 26. Bg2 Kb6
27. Nxc5 Qxg2+ 28. Qxg2 Bxg2 29. Kxg2 Nxc4 30. Nxe6 Nb2 31. Nxd4 1/2-1/2

[Event "Open Ricany 2011"]
[Site "http://www.openricany.cz"]
[Date "2011.08.21"]
[Round "3.2"]
[White "Kulhanek, Tomas"]
[Black "Haman, Jakub"]
[Result "0-1"]
[WhiteElo "2378"]
[BlackElo "2146"]

1. e4 c5 2. Nc3 e6 3. Nf3 a6 4. d4 cxd4 5. Nxd4 Nc6 6. Be2 Qc7 7. O-O Nf6
8. Kh1 b6 9. Nxc6 dxc6 10. f4 Bb7 11. a3 Be7 12. Be3 c5 13. Bf3 O-O 14. Qe2 Rad8
15. g4 Nd7 16. g5 f5 17. gxf6 Bxf6 18. Nd1 Rf7 19. Qg2 Rdf8 20. c3 Bc6 21. Nf2
Qb7 22. Ng4 Bg5 23. Rg1 Kh8 24. Nf2 Ne5 25. Bh5 Rf5 26. Rad1 Bxf4 27. Bxf4 Rxf4
28. Rd6 Rxf2 29. Qxf2 Bxe4+ 30. Rg2 Bxg2+ 31. Kg1 Nf3+ 32. Kxg2 Ng5+ 0-1

[Event "Open Ricany 2011"]
[Site "http://www.openricany.cz"]
[Date "2011.08.21"]
[Round "3.40"]
[White "Sargsjan, Karen"]
[Black "Macek, Kamil"]
[Result "0-1"]
[WhiteElo "1889"]
[BlackElo "2012"]

1. e4 c6 2. c4 d5 3. cxd5 cxd5 4. exd5 Nf6 5. Nc3 Nxd5 6. Nf3 Nc6 7. d4 Bg4
8. Be2 e6 9. O-O Be7 10. Ne5 Bxe2 11. Qxe2 Nxd4 12. Qg4 Nf5 13. Qa4+ Kf8
14. Nd7+ Kg8 15. Nxd5 exd5 16. Bf4 Bd6 17. Bxd6 Nxd6 18. Rfd1 b5 19. Qg4 h5
20. Qh3 Qg5 21. Rd3 Rc8 22. Rad1 Rc2 23. Qf3 Rh6 24. Rxd5 Qe7 25. Rxd6 Rxd6
26. Qa8+ Kh7 27. Nf8+ Kh6 0-1

[Event "Open Ricany 2011"]
[Site "http://www.openricany.cz"]
[Date "2011.08.21"]
[Round "3.26"]
[White "Nemec, David"]
[Black "Marikova, Jana"]
[Result "0-1"]
[WhiteElo "2037"]
[BlackElo "1897"]

1. c4 Nf6 2. Nc3 g6 3. e4 d6 4. g3 Bg7 5. Bg2 O-O 6. Nge2 e5 7. O-O Nc6 8. d3
Ne8 9. f4 f5 10. Be3 Nf6 11. h3 Be6 12. Nd5 Qd7 13. Kh2 Bxd5 14. cxd5 Ne7
15. Qb3 Kh8 16. Rac1 c6 17. dxc6 Nxc6 18. Nc3 Rae8 19. Rfd1 Re7 20. Rd2 Rfe8
21. Nd5 Nxd5 22. Qxd5 Re6 23. a3 Qe7 24. b4 a6 25. b5 axb5 26. Qxb5 exf4
27. Bxf4 Nd4 28. Qb4 fxe4 29. dxe4 g5 30. Be3 Nc6 31. Qb6 Rf8 32. Rb1 Rf7
33. Rbd1 Be5 34. Rf2 Rxf2 35. Bxf2 Rf6 36. Kg1 Qf7 37. a4 Qa2 38. Qe3 Qxa4
39. Rd2 h6 40. h4 gxh4 41. Kh2 Rg6 42. Bg1 hxg3+ 43. Kh1 Rg5 44. Bh3 Qc4 45. Qf3
Qg8 46. Kg2 Rg6 47. Be3 Bc3 48. Rc2 Be5 49. Qh5 Qg7 50. Ra2 Bd4 51. Bf4 Qg8
52. Ra8 Qxa8 53. Qxg6 Qa2+ 0-1

[Event "Open Ricany 2011"]
[Site "http://www.openricany.cz"]
[Date "2011.08.21"]
[Round "3.44"]
[White "Havlicek, Pavel"]
[Black "Hybl, Vladislav"]
[Result "0-1"]
[WhiteElo "1735"]
[BlackElo "1925"]

1. b4 e6 2. Bb2 Nf6 3. a3 c5 4. b5 Be7 5. e3 d5 6. c4 O-O 7. Nf3 b6 8. Bd3 Nbd7
9. Qc2 dxc4 10. Bxc4 Bb7 11. Nc3 Qc7 12. Bd3 Ne5 13. Be2 Nxf3+ 14. gxf3 Rad8
15. O-O-O Rfe8 16. Rdg1 Bf8 17. Rg3 g6 18. h4 Bg7 19. Qd1 h5 20. Rhg1 e5 21. e4
Bh6 22. Nb1 Re6 23. Bc4 Red6 24. Rxg6+ Kh7 25. Rxh6+ Kxh6 26. Bxe5 Qe7 27. Bf4+
Kh7 28. e5 Rd4 29. Qc2+ Ne4 30. Bg5 Rxc4 31. Qxc4 Nxg5 32. Rxg5 Bxf3 33. Qf4 Bg4
34. f3 Rd4 35. Qg3 Rd3 36. Qf4 Rxf3 37. Qe4+ Kh6 38. Rg8 Rf1+ 39. Kb2 Bf5
40. Qe3+ Kh7 41. Rg1 Rxg1 42. Qxg1 Qxe5+ 43. Nc3 Bg4 44. Qb1+ Kg7 45. Qf1 Qf6
46. Qe1 Qe6 47. Qf2 Qf6 48. Qe1 Bf5 49. Qg3+ Bg6 50. Qe1 Qd8 51. Qe5+ Kh7
52. Nd5 Kg8 53. Ne7+ Kf8 54. Nxg6+ fxg6 55. Qh8+ Ke7 56. Qg7+ Ke6 57. Kc2 Kf5
58. Qf7+ Qf6 59. Qd7+ Kf4 60. Qxa7 Kg4 0-1

[Event "Open Ricany 2011"]
[Site "http://www.openricany.cz"]
[Date "2011.08.21"]
[Round "3.35"]
[White "Pycha, Patrik"]
[Black "Kovar, Jan"]
[Result "1/2-1/2"]
[WhiteElo "1770"]
[BlackElo "2002"]

1. e4 c5 2. Nc3 e6 3. g3 d5 4. exd5 exd5 5. d4 c4 6. Bg2 Be6 7. Nge2 Bb4 8. O-O
Ne7 9. Nf4 O-O 10. Re1 Qd7 11. Nxe6 fxe6 12. Qe2 Nbc6 13. Be3 Nf5 14. Rad1 Rae8
15. f4 Qf7 16. a3 Ba5 17. Kh1 Qf6 18. Qf2 Bb6 19. Ne2 h5 20. h4 a6 21. c3 Bc7
22. Ng1 Qg6 23. Kh2 Nce7 24. Nh3 Nh6 25. Bf3 Nef5 26. Rg1 Bd8 27. Qe2 Ng4+
28. Bxg4 Qxg4 29. Qd2 Nh6 30. Nf2 Qf5 31. Rde1 Rf6 32. Qe2 Rg6 33. Bc1 Bc7
34. Bd2 b5 35. Rb1 Bd6 36. Rbe1 a5 37. Rb1 Rb8 38. b4 cxb3 39. Rxb3 a4 40. Rxb5
Rxb5 41. Qxb5 Bxa3 42. Qxa4 Bd6 43. Qa6 Be7 44. Qd3 Qf6 45. Qe2 Qf5 46. Qd3 Qf7
47. Qe2 Qf5 1/2-1/2

[Event "Open Ricany 2011"]
[Site "http://www.openricany.cz"]
[Date "2011.08.21"]
[Round "3.15"]
[White "Boucek, Vlastimil"]
[Black "Rehak, Martin"]
[Result "0-1"]
[WhiteElo "1984"]
[BlackElo "2129"]

1. e4 d5 2. exd5 Qxd5 3. h3 Bf5 4. d3 Nc6 5. Nf3 h6 6. Nc3 Qd7 7. Bf4 O-O-O
8. g4 Bh7 9. Bg2 e5 10. Bg3 Re8 11. Nd2 g6 12. O-O f5 13. f3 Nf6 14. Re1 Bc5+
15. Kh1 f4 16. Bh2 Nd5 17. Nxd5 Qxd5 18. Ne4 Be7 19. c4 Qd7 20. a3 Nd4 21. b4
Bh4 22. Rg1 h5 23. Ra2 Ref8 24. Rf1 Bg8 25. a4 Be6 26. Nc5 Qf7 27. Bg1 Rd8
28. Bxd4 Rxd4 29. Qe2 Bf6 30. Nb3 Rxd3 31. Na5 Re3 32. Qf2 Be7 33. Re1 Bxc4
34. Rb2 hxg4 35. Rxe3 fxe3 36. Qxe3 gxh3 37. Qxa7 hxg2+ 38. Kxg2 Bd5 39. Rf2 Rf8
40. b5 Bh4 41. Nc6 Bxf3+ 0-1

[Event "Open Ricany 2011"]
[Site "http://www.openricany.cz"]
[Date "2011.08.21"]
[Round "3.4"]
[White "Hrdina, Robin"]
[Black "Svoboda, Vaclav"]
[Result "0-1"]
[WhiteElo "2089"]
[BlackElo "2286"]

1. e4 c5 2. Nf3 Nc6 3. Bb5 Qb6 4. Nc3 e6 5. O-O a6 6. Bc4 d6 7. Re1 Be7 8. a4
Nf6 9. e5 dxe5 10. Nxe5 Nd4 11. d3 Bd6 12. Nf3 Qc7 13. h3 O-O 14. Bg5 Be7
15. Nxd4 cxd4 16. Bxf6 Bxf6 17. Ne4 Be7 18. Qh5 Bd7 19. Bb3 Rad8 20. Re2 Bc6
21. Ng5 h6 22. Nxe6 fxe6 23. Rxe6 Kh7 24. Rae1 Bf6 25. Qf5+ Kh8 26. Qg6 Qf4 0-1

[Event "Open Ricany 2011"]
[Site "http://www.openricany.cz"]
[Date "2011.08.21"]
[Round "3.16"]
[White "Zvara, David"]
[Black "Liuba, Volodymyr"]
[Result "1/2-1/2"]
[WhiteElo "1979"]
[BlackElo "2116"]

1. e4 d6 2. d4 Nf6 3. Nc3 g6 4. Nf3 Bg7 5. h3 O-O 6. Bc4 c6 7. a4 Nbd7 8. e5
dxe5 9. dxe5 Nd5 10. Nxd5 cxd5 11. Qxd5 Nxe5 12. Nxe5 Qxd5 13. Bxd5 Bxe5 14. O-O
Rd8 15. Bf3 Bf5 16. c3 Rab8 17. Re1 f6 18. a5 Be6 19. Be3 a6 20. Bb6 Rd2 21. Re2
Rxe2 22. Bxe2 Bd5 23. Rd1 Bc6 24. Bc4+ Kg7 25. Bd5 Bxd5 26. Rxd5 Kf7 27. Kf1 Ke6
28. Rd3 Rc8 29. Be3 Bc7 30. b4 Be5 31. Bc5 Bd6 32. Bxd6 exd6 33. Re3+ Kd7
34. Ke2 d5 35. Kd3 f5 36. f3 Kd6 37. Kd4 f4 38. Re2 g5 39. Re1 h5 40. Re2 Rc4+
41. Kd3 Rc8 42. Kd4 1/2-1/2

[Event "Open Ricany 2011"]
[Site "http://www.openricany.cz"]
[Date "2011.08.21"]
[Round "3.10"]
[White "Sodoma, Jan"]
[Black "Skacel, Jan"]
[Result "1-0"]
[WhiteElo "2365"]
[BlackElo "2050"]

1. d4 Nf6 2. c4 g6 3. Nc3 d5 4. cxd5 Nxd5 5. Bd2 Bg7 6. e4 Nxc3 7. Bxc3 O-O
8. Bc4 c5 9. d5 Bxc3+ 10. bxc3 b5 11. Bxb5 Qa5 12. Qd3 a6 13. Bc4 Kg7 14. Nf3
Qc7 15. O-O Bg4 16. Nd2 a5 17. f4 Bc8 18. a4 Nd7 19. Rae1 Nb6 20. Bb5 Bd7 21. f5
Bxb5 22. axb5 f6 23. e5 fxe5 24. Ne4 c4 25. Qh3 Nxd5 26. Ng5 Qb6+ 27. Kh1 Rxf5
28. Rxf5 1-0

[Event "Open Ricany 2011"]
[Site "http://www.openricany.cz"]
[Date "2011.08.21"]
[Round "3.24"]
[White "Horak, Vladimir"]
[Black "Forman, Miroslav"]
[Result "1-0"]
[WhiteElo "2043"]
[BlackElo "1912"]

1. Nf3 c5 2. e3 g5 3. Nxg5 e5 4. Qh5 Qf6 5. Bc4 Nh6 6. Nc3 Rg8 7. Nce4 Qf5
8. Qxh6 Bxh6 9. Nd6+ Kf8 10. Nxf5 Bxg5 11. Nd6 Rg6 12. Nxc8 Nc6 13. Bd3 Rf6
14. Nxa7 Rxa7 15. c3 d5 16. b3 e4 17. Bc2 Re6 18. a4 d4 19. Ba3 Be7 20. O-O d3
21. Bd1 f5 22. f3 Kg7 23. fxe4 fxe4 24. Bg4 Re5 25. Rf5 h5 26. Rxe5 Nxe5
27. Bxh5 b6 28. c4 Kh6 29. Be8 Ra8 30. Bb5 Rg8 31. Kh1 Rf8 32. Bb2 Ng4 33. h3
Nf2+ 34. Kg1 Bh4 35. Be5 Bg5 36. Bg3 Nxh3+ 37. gxh3 Rf3 38. Kg2 1-0

[Event "Open Ricany 2011"]
[Site "http://www.openricany.cz"]
[Date "2011.08.21"]
[Round "3.45"]
[White "Vorackova, Jarmila"]
[Black "Cerny, Michal"]
[Result "1-0"]
[WhiteElo "1925"]
[BlackElo "1806"]

1. d4 Nf6 2. c4 g6 3. Nc3 d5 4. cxd5 Nxd5 5. e4 Nxc3 6. bxc3 Bg7 7. Bc4 c5
8. Ne2 Nc6 9. Be3 O-O 10. O-O Qc7 11. Rc1 Rd8 12. Qd2 Qa5 13. Qb2 a6 14. dxc5 e6
15. Bd4 Ne5 16. Bxe5 Bxe5 17. Qb6 Bc7 18. Qb4 Bd7 19. Nd4 Rab8 20. Rfd1 Be8
21. a3 Rdc8 22. Nxe6 fxe6 23. Bxe6+ Kf8 24. Qd4 Ke7 25. Bxc8 Rxc8 26. Qg7+ Bf7
27. e5 Rg8 28. Qf6+ Ke8 29. e6 Rf8 30. exf7+ Rxf7 31. Re1+ 1-0

[Event "Open Ricany 2011"]
[Site "http://www.openricany.cz"]
[Date "2011.08.21"]
[Round "3.25"]
[White "Starek, Stanislav"]
[Black "Vevera, Radek"]
[Result "1/2-1/2"]
[WhiteElo "1912"]
[BlackElo "2043"]

1. d4 Nf6 2. c4 d6 3. Nc3 g6 4. e4 Bg7 5. Nf3 O-O 6. Be2 e5 7. O-O Nc6 8. d5
Ne7 9. b4 a5 10. Ba3 Nh5 11. Re1 Nf4 12. Bf1 f5 13. bxa5 fxe4 14. Nxe4 Bg4
15. c5 Nf5 16. Qb3 Bxf3 17. Qxf3 Nxd5 18. Qb3 dxc5 19. Bc4 c6 20. Bxc5 Nd4
21. Bxd4 exd4 22. Qxb7 Rxa5 23. Qxc6 Kh8 24. Qd6 Nc3 25. Qxd8 Rxd8 26. Nxc3 dxc3
27. Rac1 Rc5 28. Bb3 Bh6 29. Rc2 Bd2 30. Re4 Rc7 31. Kf1 1/2-1/2

[Event "Open Ricany 2011"]
[Site "http://www.openricany.cz"]
[Date "2011.08.21"]
[Round "3.33"]
[White "Koller Martin"]
[Black "Rýdl Jiøí"]
[Result "0-1"]
[WhiteElo "1758"]
[BlackElo "2007"]

1. d4 d5 2. c4 e6 3. Nc3 c5 4. cxd5 exd5 5. Nf3 Nc6 6. g3 Nf6 7. Bg2 Be7 8. O-O
O-O 9. Bg5 cxd4 10. Nxd4 h6 11. Be3 Re8 12. Qb3 Na5 13. Qc2 Nc4 14. Bf4 g5
15. Bc1 Bc5 16. Nf5 Re5 17. Nxh6+ Kg7 18. Nxf7 Kxf7 19. Nxd5 Be6 20. Nxf6 Qxf6
21. Kh1 Rb8 22. Be3 Qh6 23. h4 Nxe3 24. fxe3+ Ke7 25. b4 Bb6 26. e4 gxh4 27. g4
h3 28. Bf3 Qe3 29. Qd3 h2 30. Qxe3 Bxe3 31. a3 0-1

[Event "Open Ricany 2011"]
[Site "http://www.openricany.cz"]
[Date "2011.08.21"]
[Round "3.36"]
[White "Nigrin, Jiri"]
[Black "Dungl, Martin"]
[Result "0-1"]
[WhiteElo "1700"]
[BlackElo "2001"]

1. c4 Nf6 2. Nc3 e6 3. g3 d5 4. d3 d4 5. Nb1 c5 6. Bg2 Nc6 7. Nf3 e5 8. O-O Be7
9. a3 a5 10. Nbd2 O-O 11. Ne1 Qc7 12. Ne4 Nd7 13. Nc2 f5 14. Nd2 Nf6 15. Ne1 Be6
16. b3 Rac8 17. a4 Bd6 18. Nc2 g5 19. Na3 Qg7 20. Kh1 h5 21. Rg1 Ng4 22. Qf1 f4
23. Ne4 fxg3 24. hxg3 Be7 25. Bf3 Qh6 26. Kg2 Rf7 27. Rh1 Qg6 28. Bd2 Rcf8
29. Qc1 Ne3+ 30. fxe3 g4 31. Rf1 h4 32. Qe1 h3+ 33. Kh2 gxf3 34. exd4 Nxd4 0-1

[Event "Open Ricany 2011"]
[Site "http://www.openricany.cz"]
[Date "2011.08.21"]
[Round "3.5"]
[White "Gregor, Jiri"]
[Black "Veselsky, Martin"]
[Result "1-0"]
[WhiteElo "2262"]
[BlackElo "2083"]

1. d4 Nf6 2. c4 c5 3. d5 e6 4. Nc3 exd5 5. cxd5 d6 6. e4 g6 7. Bd3 Bg7 8. h3
O-O 9. Nf3 Na6 10. O-O Nc7 11. Re1 Rb8 12. a4 b6 13. Bf4 a6 14. Bf1 b5 15. axb5
axb5 16. e5 dxe5 17. Nxe5 Bb7 18. Nc6 Bxc6 19. dxc6 Rc8 20. Nxb5 Nxb5 21. Bxb5
Qb6 22. Qb3 Rxc6 23. Ra6 Qxa6 24. Bxa6 Rxa6 25. Qb7 Ra4 26. Bd6 Rb4 27. Qc6 Rd8
28. Re2 Rc4 29. g4 h6 30. Kg2 Ne4 31. Bc7 Rdd4 1-0

[Event "Open Ricany 2011"]
[Site "http://www.openricany.cz"]
[Date "2011.08.21"]
[Round "3.34"]
[White "Postupa, Martin"]
[Black "Vitek, Jan"]
[Result "1/2-1/2"]
[WhiteElo "2005"]
[BlackElo "1832"]

1. e4 d5 2. exd5 Qxd5 3. Nc3 Qa5 4. d4 Bf5 5. Bc4 e6 6. Bd2 c6 7. Nf3 Nd7
8. O-O Qc7 9. Re1 Be7 10. Bg5 Ngf6 11. Nh4 Bg6 12. Nf3 h6 13. Bxf6 gxf6 14. h3
Bh5 15. Qd3 Nb6 16. Bb3 Nd5 17. Nxd5 cxd5 18. Ba4+ Kd8 19. c3 Qf4 20. Qe3 Qxe3
21. Rxe3 Bd6 22. g3 Rg8 23. Kh2 f5 24. Rg1 f4 25. Rd3 Bg6 26. Rd2 Be4 27. Bd1
Ke7 28. g4 Rg7 29. a4 Rag8 1/2-1/2

[Event "Open Ricany 2011"]
[Site "http://www.openricany.cz"]
[Date "2011.08.21"]
[Round "3.27"]
[White "Adamik, Frantisek"]
[Black "Pospisil, Martin"]
[Result "0-1"]
[WhiteElo "1891"]
[BlackElo "2035"]

1. c4 c6 2. e4 d5 3. e5 dxc4 4. Bxc4 e6 5. Nf3 Bc5 6. Nc3 Ne7 7. Ne4 Qb6
8. Nxc5 Qxc5 9. Qe2 Nf5 10. O-O O-O 11. a3 Nd4 12. Nxd4 Qxd4 13. Rb1 Nd7 14. b4
Qxe5 15. b5 Qxe2 16. Bxe2 cxb5 17. Rxb5 a6 18. Rb3 b5 19. d4 Bb7 20. a4 Bd5
21. Rb4 a5 22. Rxb5 Bc6 23. Rg5 h6 24. Rg3 Kh8 25. Bf3 Bxf3 26. Rxf3 Nb6 27. Ba3
Rfd8 28. Rxf7 Nxa4 29. Re1 Rxd4 30. g3 Rd3 31. Bc1 Re8 32. Kg2 e5 33. Be3 Nc3
34. Ra1 a4 35. Rb7 Red8 36. Kh3 R8d7 37. Rb8+ Rd8 38. Rb7 R8d7 39. Rb8+ Kh7
40. Bb6 R7d5 41. Re8 e4 42. Be3 Ra5 43. Bb6 Ra6 44. Bc5 Rc6 45. Bb4 Ra6 46. Rc8
Nd5 47. Ba3 Rf6 48. Rc2 Ra6 49. Rc4 Nf6 50. Rc7 Rd7 51. Rxd7 Nxd7 52. Kg4 Nf6+
53. Kf5 Ra5+ 54. Ke6 Ng4 55. h4 Nxf2 56. Rf1 e3 57. Re1 Ng4 58. Kd6 Kg6 59. Kc6
Kf5 60. Bb4 Re5 61. Bd6 Re6 62. Kc5 Rxd6 63. Kxd6 Ke4 64. Ra1 Kf3 65. Rxa4 Kxg3
66. Kd5 e2 67. Ra1 Kf2 68. Ke6 Ne3 69. Ra2 Kf1 70. Rxe2 Kxe2 71. h5 Kf3 72. Kf7
Nf5 0-1

[Event "Open Ricany 2011"]
[Site "http://www.openricany.cz"]
[Date "2011.08.21"]
[Round "3.53"]
[White "Lorenc, Tomáš"]
[Black "Ruzicka, Václav"]
[Result "1-0"]
[WhiteElo "1875"]
[BlackElo "1740"]

1. e4 e5 2. Nf3 Nf6 3. Nc3 Bb4 4. Nxe5 Qe7 5. Nf3 Bxc3 6. dxc3 Qxe4+ 7. Qe2 d5
8. c4 O-O 9. Qxe4 dxe4 10. Nd4 a6 11. Bf4 c5 12. Nb3 b6 13. O-O-O Bg4 14. Re1
Nbd7 15. h3 Be6 16. Nd2 b5 17. g4 bxc4 18. Nxc4 Bxc4 19. Bxc4 Nb6 20. Be2 Nfd5
21. Bg3 c4 22. Rd1 Nb4 23. a3 N4d5 24. Rd4 c3 25. b3 Rfe8 26. Rhd1 Rad8 27. Bc7
Rc8 28. Bxb6 Nxb6 29. Bxa6 Ra8 30. Bb5 Rf8 31. a4 g6 32. Rxe4 Nc8 33. Re8 Rxe8
34. Bxe8 Na7 35. Bd7 Rd8 36. Bb5 Ra8 37. Bc4 Rf8 38. b4 Nc6 39. b5 Na5 40. Bb3
Re8 41. Kb1 Re2 42. b6 Rd2 43. Re1 Nxb3 44. cxb3 Rb2+ 45. Kc1 Rxb3 46. Re8+ Kg7
47. Rb8 Kf6 48. a5 Ra3 49. b7 Rxa5 50. Ra8 Rb5 51. b8=Q Rxb8 52. Rxb8 1-0